National Geographic picture atlas of our world / (Record no. 1108)

MARC details
000 -LEADER
fixed length control field 00873nem a2200289 4500
005 - DATE AND TIME OF LATEST TRANSACTION
control field 20260322212047.0
007 - PHYSICAL DESCRIPTION FIXED FIELD--GENERAL INFORMATION
fixed length control field data
008 - FIXED-LENGTH DATA ELEMENTS--GENERAL INFORMATION
fixed length control field data
010 ## - LIBRARY OF CONGRESS CONTROL NUMBER
LC control number 79017204
020 ## - INTERNATIONAL STANDARD BOOK NUMBER
International Standard Book Number 0870443119
020 ## - INTERNATIONAL STANDARD BOOK NUMBER
International Standard Book Number 0870443127 (lib. bdg.)
020 ## - INTERNATIONAL STANDARD BOOK NUMBER
International Standard Book Number 9780870443114
020 ## - INTERNATIONAL STANDARD BOOK NUMBER
International Standard Book Number 9780870443121 (lib. bdg.)
040 ## - CATALOGING SOURCE
Original cataloging agency DLC
Transcribing agency DLC
Modifying agency DLC
050 00 - LIBRARY OF CONGRESS CALL NUMBER
Classification number G1021
Item number .N36 1979
082 00 - DEWEY DECIMAL CLASSIFICATION NUMBER
Classification number 912
092 ## - LOCALLY ASSIGNED DEWEY CALL NUMBER (OCLC)
Classification number 912 N36 1979
001 - CONTROL NUMBER
control field data
245 00 - TITLE STATEMENT
Title National Geographic picture atlas of our world /
Statement of responsibility, etc. edited by National Geographic Book Service & Ross S. Bennett.
260 ## - PUBLICATION, DISTRIBUTION, ETC.
Place of publication, distribution, etc. Washington :
Name of publisher, distributor, etc. National Geographic Society,
Date of publication, distribution, etc. c1979.
300 ## - PHYSICAL DESCRIPTION
Extent 312 p. :
Other physical details col. ill., col. maps (1 fold. col. in pocket) ;
Dimensions 28 cm.
500 ## - GENERAL NOTE
General note Includes index.
650 #0 - SUBJECT ADDED ENTRY--TOPICAL TERM
Topical term or geographic name entry element Atlases.
700 1# - ADDED ENTRY--PERSONAL NAME
Personal name Bennett, Ross S.
710 2# - ADDED ENTRY--CORPORATE NAME
Corporate name or jurisdiction name as entry element National Geographic Book Service.
740 ## - ADDED ENTRY--UNCONTROLLED RELATED/ANALYTICAL TITLE
Uncontrolled related/analytical title Picture atlas of our world.
Holdings
Withdrawn status Lost status Damaged status Not for loan Home library Current library Shelving location Date acquired Total checkouts Full call number Barcode Date last seen Price effective from Koha item type
        Troy Troy General stacks 22/03/2026   912 BC0011144 22/03/2026 22/03/2026 Books